000 00971nam a2200313Ia 4500
003 BUBTL
008 151213s9999 xx 000 0 und d
020 _a9788126553792
082 _a677/ W39m/ 2010
100 _a Webster, John G.
_94721
245 _aMedical Instrumentation :
_bApplication and Design /
_cJohn G. Webster
250 _a4th Edn.
260 _aNew York:
_bWiley,
_cc2010
300 _axix, 713 p.:
_c24 cm.
500 _aIncludes Index
505 _aMedical Instrumentation, John G. Webster
650 0 _aTextile Engineering
_9909
700 _aClark, John W.
_94722
700 _aNeuman, Michael R.
_94723
700 _aOlson, Walter H.W
_94729
700 _aPeura, Robert A.
_94725
700 _aPrimiano, Frank P.
_94726
700 _aSiedband, Melvin P.
_94727
700 _a Webster, John G.
_94721
700 _aWheeler, Lawrence A.
_94728
856 _k0
_l0
_yDownload
942 _2ddc
_cBK
999 _c6745
_d6745